Statistieken voor Landen die Voormalig deel van Joegoslavië waren

Klik hier om de quiz te nemen!

Algemene statistieken

  • Deze quiz is 71 keer genomen
  • De gemiddelde score is 7 van 7

Antwoordstatistieken

Country% Correct
Bosnië en Herzegovina
98%
Kosovo
98%
Kroatië
96%
Servië
96%
Montenegro
95%
Noord-Macedonië
89%
Slovenië
89%

Scoreverdeling

Percentiel versus Aantal Correcte Antwoorden

Procent van Mensen met Elke Score

Uw Scoregeschiedenis

U heeft deze quiz nog niet genomen